000 00719nam a2200181 a 4500
001 000044826
005 20201002045646.0
008 150113s2014 dr 000 0 spa d
020 _a9789945890327
040 _aDO-SdBNP
_bspa
_cBNPHU
082 _axxxxxxx
_bxxxxxx
100 1 _aRodríguez, Marcos
_929858
245 1 0 _aCuando fui un ángel del cielo /
_cMarcos Rodríguez.
260 _aSanto Domingo :
_bCentenario,
_c2014.
300 _a139 p. ;
_c22 cm.
500 _aUna historia fascinante en la que se narra cómo los errores y maldades de nuestras vidas acarrean las más fatales e inimaginables consecuencias aún más allá de la muerte
500 _aIncluye datos biográficos del autor en la contracubierta
999 _c44315
_d44315